[Event "Cup Independence (open)"]
[Site "masterchessopen.com - Kiev (Ukraine)"]
[Date "2009.08.22"]
[Round "10"]
[White "Bykov Alexey (RUS)"]
[Black "Kislinsky Alexey (UKR)"]
[Result "0-1"]
[WhiteElo "2075"]
[BlackElo "2425"]

1.d4 Nf6 2.Nf3 g6 3.c4 Bg7 4.Nc3 O-O 5.e4 c5 6.d5 d6 7.Be2 e6 8.O-O exd5
9.cxd5 a6 10.a4 Bg4 11.Nd2 Bxe2 12.Qxe2 Nbd7 13.Nc4 Nb6 14.Ne3 Nh5 15.a5 Nd7
16.Nc4 Ne5 17.Nb6 Rb8 18.f4 Nd7 19.Nc4 Bd4+ 20.Be3 Ndf6 21.Qd3 Bxc3 22.bxc3
Re8 23.e5 dxe5 24.d6 e4 25.Qd2 Ng7 26.Rad1 Nd7 27.Rfe1 Nf5 28.Bf2 Qf6 29.Qd5
e3 30.Bxe3 Nxe3 31.Rxe3 Rxe3 32.Nxe3 Qxf4 33.Nc4 Nf6 34.Qxc5 Ng4 35.g3 Qf3
36.Re1 Qxc3 37.Re2 Qd3 38.Rd2 Qb1+ 39.Kg2 Qe4+ 40.Kg1 Qe1+ 41.Kg2 Qe4+ 42.Kg1
Rd8 43.d7 Qe1+ 44.Kg2 Qe4+ 45.Kg1 h5 46.Qb6 Rxd7 47.Rxd7 Qxc4 48.Rd8+ Kh7
49.Qb2 Qc5+ 50.Kf1 Qf5+ 51.Kg1 Qc5+ 52.Kf1 Ne5 53.Qd2 Qb5+ 54.Kf2 Qc5+ 55.Kg2
Qc6+ 56.Qd5 Qc2+ 57.Qd2 Qe4+ 58.Kf2 Qh1 59.Qf4 Qxh2+ 60.Ke3 Qg1+ 61.Kd2 Qg2+
62.Ke3 Qb2 63.Rd5 Ng4+ 64.Kd3 Qb1+ 65.Kc3 Qe1+ 66.Kb2 Qe6 67.Rc5 Ne3 68.Rc7
Nf5 69.Rxb7 Qd5 70.Qc7 Nd6 71.Rb4 Qd2+ 72.Ka3 Qd3+ 73.Ka4 Kg7 74.Rb6 Qd1+
75.Kb4 Qd4+ 76.Kb3 Qd5+ 77.Kb4 Nb5 78.Qc4 Qd2+ 79.Ka4 Qd1+ 80.Kb4 Qe1+ 81.Kc5
Qxa5 82.Kc6 Qa3 83.Kb7 Nd6+ {#R} 0-1

[Event "Ch Finland (team) 2009/10"]
[Site "masterchessopen.com - Finland"]
[Date "2009.09.19"]
[Round "1"]
[White "Ristoja Thomas W (FIN)"]
[Black "Mertanen Janne (FIN)"]
[Result "0-1"]
[WhiteElo "2205"]
[BlackElo "2292"]

1.d4 Nf6 2.c4 c5 3.d5 e6 4.Nc3 exd5 5.cxd5 d6 6.e4 g6 7.Nf3 a6 8.a4 Bg4 9.Be2
Bg7 10.O-O O-O 11.h3 Bxf3 12.Bxf3 Nbd7 13.g4 Ne8 14.Be2 Rb8 15.Kg2 Nc7 16.a5
b5 17.axb6 Rxb6 18.Na4 Rb8 19.Ra2 Qe7 20.Bd3 Ne5 21.Bc2 Nb5 22.f4 Nd7 23.Re1
Rfc8 24.Bd2 Bd4 25.g5 h6 26.h4 h5 27.Nc3 Nc7 28.e5 dxe5 29.f5 Rb6 30.fxg6 fxg6
31.Be4 Rf8 32.Rf1 Kg7 33.Bf3 Ne8 34.Ne4 Nd6 35.Nxd6 Qxd6 36.b3 Qb8 37.b4 c4
38.Ra5 c3 39.Bc1 Rxb4 40.Bxh5 Rxf1 41.Qxf1 gxh5 42.Qf5 Qd6 43.Rxa6 Qxd5+
44.Kh2 Qf7 {#R} 0-1

[Event "It (open)"]
[Site "masterchessopen.com - Goch (Germany)"]
[Date "2009.10.01"]
[Round "1"]
[White "Thingstad Even (NOR)"]
[Black "Gehlen Horst"]
[Result "1/2-1/2"]
[WhiteElo "2058"]
[BlackElo "1670"]

1.d4 Nf6 2.c4 c5 3.d5 e6 4.Nc3 exd5 5.cxd5 d6 6.e4 g6 7.Nf3 a6 8.a4 Bg4 9.Be2
Bg7 10.O-O O-O 11.Nd2 Bxe2 12.Qxe2 Nbd7 13.Nc4 Nb6 14.Bg5 Nxc4 15.Qxc4 h6
16.Bh4 Qd7 17.e5 dxe5 18.Bxf6 Bxf6 19.Ne4 Bg7 20.Nxc5 Qc7 21.a5 Rfd8 22.Rfd1
Rac8 23.b4 Bf8 24.Rac1 b6 25.axb6 Qxb6 26.Qg4 Bxc5 27.bxc5 Rxc5 28.Rxc5 Qxc5
29.Qe4 Qd6 30.g3 a5 31.Qc4 Rd7 32.Qb5 Re7 33.Qxa5 e4 34.Qc3 Re5 35.Qd4 Kf8
36.Re1 Qxd5 37.Qxd5 {#d} 1/2-1/2

[Event "Ch Russia (seniors)"]
[Site "masterchessopen.com - Lesnoj gorodok (Russia)"]
[Date "2009.10.08"]
[Round "6"]
[White "Burkov Dmitry (RUS)"]
[Black "Onoprienko Vladimir (RUS)"]
[Result "0-1"]
[WhiteElo "2123"]
[BlackElo "2318"]

1.d4 Nf6 2.c4 g6 3.Nc3 Bg7 4.e4 O-O 5.Nf3 d6 6.Be2 c5 7.d5 e6 8.O-O exd5
9.cxd5 a6 10.a4 Bg4 11.h3 Bxf3 12.Bxf3 Nbd7 13.Bf4 Qe7 14.Qc2 Rfe8 15.Rab1
Rac8 16.Rfe1 Ne5 17.Be2 c4 18.Rbd1 Nfd7 19.Na2 Nc5 20.Bc1 Ned3 21.Bxd3 Nxd3
22.Re2 f5 23.f3 Qe5 24.Qd2 Qd4+ 25.Kh1 fxe4 26.fxe4 Rxe4 27.Rxe4 Qxe4 28.Nc3
Qh4 29.Rf1 Re8 {#R} 0-1

[Event "Ch Pan-American (juniors) (under 20) (g)"]
[Site "masterchessopen.com - Montevideo (Uruguay)"]
[Date "2009.10.10"]
[Round "8"]
[White "Segarra Choe Tammy"]
[Black "Herrera Milena (COL)"]
[Result "1/2-1/2"]
[WhiteElo "1947"]
[BlackElo "2118"]

1.d4 Nf6 2.Nf3 e6 3.c4 c5 4.d5 exd5 5.cxd5 d6 6.Nc3 g6 7.e4 a6 8.a4 Bg7 9.Be2
O-O 10.O-O Bg4 11.Re1 Re8 12.h3 Bxf3 13.Bxf3 Nbd7 14.Qc2 Qc7 15.Be3 c4 16.a5
Nc5 17.Na4 Nb3 18.Ra3 Qxa5 19.Rd1 Qb4 20.Nb6 Rad8 21.Nxc4 Rc8 22.Rxb3 Rxc4
23.Rxb4 Rxc2 24.Rxb7 a5 25.Rb6 Bf8 26.Ra1 Ra8 27.Bd4 Nd7 28.Rc6 Rxc6 29.dxc6
Ne5 30.c7 Rc8 31.Bb6 Nc4 32.Bxa5 Nxa5 33.Rxa5 Rxc7 34.b4 d5 35.b5 d4 36.b6
Rc1+ 37.Kh2 Rb1 38.Rd5 Rxb6 39.Rxd4 Rb2 40.e5 Rxf2 41.Rd7 Bh6 42.Kg3 Rf1
43.Rd8+ Kg7 44.Rd7 Kf8 45.Rd1 Rxd1 46.Bxd1 Ke7 47.Bb3 {#d} 1/2-1/2

[Event "It (open)"]
[Site "masterchessopen.com - Arco (Italy)"]
[Date "2009.10.19"]
[Round "3"]
[White "Vezzosi Paolo (ITA)"]
[Black "Mondon Fabrice (FRA)"]
[Result "1-0"]
[WhiteElo "2372"]
[BlackElo "2019"]

1.d4 Nf6 2.Nf3 e6 3.c4 c5 4.d5 exd5 5.cxd5 d6 6.Nc3 g6 7.e4 Bg7 8.Be2 O-O
9.O-O a6 10.a4 Bg4 11.Bf4 Bxf3 12.Bxf3 Ne8 13.Qd2 Nd7 14.Rfe1 Ne5 15.Be2 Qd7
16.h3 Nc7 17.Be3 f5 18.f4 Nf7 19.exf5 gxf5 20.a5 Nh8 21.Bc4 Nb5 22.Qd3 Nd4
23.Bxd4 Bxd4+ 24.Kh2 Ng6 25.g3 Rae8 26.Re6 Qg7 27.Rb1 Kh8 28.Ne2 Rg8 29.Qxf5
Rxe6 30.dxe6 Ne7 31.Qf7 Qg6 32.Qxg6 hxg6 33.Nxd4 cxd4 34.Rd1 Rc8 35.Rxd4 Nf5
36.Re4 d5 37.Bxd5 Rc2+ 38.Kg1 Ne7 39.Bxb7 {#r} 1-0

[Event "Ch Europe (team) (w)"]
[Site "masterchessopen.com - Novi Sad (Serbia)"]
[Date "2009.10.27"]
[Round "6"]
[White "Borsuk Angela (ISR)"]
[Black "Socko Monika (POL)"]
[Result "1-0"]
[WhiteElo "2385"]
[BlackElo "2449"]

1.d4 Nf6 2.c4 e6 3.Nc3 c5 4.d5 exd5 5.cxd5 d6 6.Nf3 g6 7.e4 a6 8.a4 Bg4 9.Be2
Bg7 10.O-O O-O 11.h3 Bxf3 12.Bxf3 Nbd7 13.Bf4 Qe7 14.Re1 Rab8 15.a5 Ne8 16.Ra3
Nc7 17.Rb3 Rfe8 18.Be2 Be5 19.Bd2 Bd4 20.Bf1 Qf6 21.Qf3 Qxf3 22.gxf3 Ne5
23.Kg2 c4 24.Rb4 Bc5 25.Ra4 b5 26.axb6 Rxb6 27.Nd1 Rb3 28.Bc3 Nd3 29.Bxd3 cxd3
30.Ne3 Nb5 31.Bf6 Ra8 32.Rea1 Nc7 33.Nc4 Ne8 34.Bc3 Rc8 35.Rxa6 Bb4 36.Nd2
Bxc3 37.Nxb3 Bxb2 38.Rd1 Rc3 39.Nd4 Nf6 40.Rb6 Ba3 41.Rb3 Rxb3 42.Nxb3 Nh5
43.Kf1 Nf4 44.h4 Kg7 45.Nd2 Kf6 46.Nc4 Bc5 47.Nb2 Ke5 48.Nxd3+ Nxd3 49.Rxd3 f5
50.Rc3 Kd4 51.Rc2 Bb4 52.Kg2 Ke5 53.Rc7 h5 54.Re7+ Kd4 55.Re6 Bc5 56.Rxg6 fxe4
57.Rg5 {#r} 1-0

[Event "It (cat.1) (b)"]
[Site "masterchessopen.com - Budapest (Hungary)"]
[Date "2010.02.12"]
[Round "7"]
[White "Farago Sandor (HUN)"]
[Black "Bakin Alexander (RUS)"]
[Result "1-0"]
[WhiteElo "2272"]
[BlackElo "2256"]

1.d4 Nf6 2.Nf3 c5 3.d5 e6 4.c4 exd5 5.cxd5 d6 6.Nc3 g6 7.e4 a6 8.a4 Bg4 9.Be2
Bg7 10.O-O O-O 11.h3 Bxf3 12.Bxf3 Nbd7 13.Bf4 Qe7 14.Re1 Ne5 15.Be2 Nfd7
16.Rb1 Rab8 17.Bg3 f6 18.f4 Nf7 19.Qd3 Nh6 20.Bf3 Kh8 21.Kh2 Qf7 22.Re2 Rbe8
23.Rbe1 Rg8 24.Kh1 Bf8 25.e5 fxe5 26.fxe5 Nf5 27.Bh2 Nxe5 28.Rxe5 dxe5 29.d6
e4 30.Nxe4 Bg7 31.d7 Rd8 32.Nxc5 Bd4 33.Ne6 Qxd7 34.Nxd4 Rge8 35.Be5+ Rxe5
36.Rxe5 Qxa4 37.Rd5 Rxd5 38.Bxd5 Nxd4 39.Qe4 Kg7 40.Qe7+ Kh6 41.Qe3+ Kg7
42.Qe5+ Kh6 43.Qf4+ Kg7 44.Qf7+ Kh6 45.Qf8+ Kh5 46.Qf4 Qa1+ 47.Kh2 Qxb2 48.h4
h6 49.Kh3 Qc3+ 50.Bf3+ {#r} 1-0

[Event "Ch Europe (w)"]
[Site "masterchessopen.com - Rijeka (Croatia)"]
[Date "2010.03.07"]
[Round "2"]
[White "Tsatsalashvili Keti (GEO)"]
[Black "Kushka Alena (RUS)"]
[Result "1/2-1/2"]
[WhiteElo "2266"]
[BlackElo "2158"]

1.d4 Nf6 2.c4 c5 3.d5 g6 4.Nc3 d6 5.e4 Bg7 6.Nf3 O-O 7.Be2 e6 8.O-O exd5
9.cxd5 a6 10.a4 Bg4 11.h3 Bxf3 12.Bxf3 Nbd7 13.Qc2 Re8 14.Bf4 Qc7 15.Rfe1 c4
16.Be2 Rac8 17.Rac1 Re7 18.Bf1 Rce8 19.Qb1 Nh5 20.Bg5 Re5 21.Be3 R5e7 22.Bg5
Re5 23.Be3 R5e7 24.Qa2 Rc8 25.Qa3 Qb8 26.Qb4 Ne5 27.a5 Nd3 28.Bxd3 cxd3
29.Red1 Rec7 30.Na2 Rc2 31.Rxd3 Rxb2 32.Qa3 Rxc1+ 33.Bxc1 Rb5 34.Nc3 Rc5
35.Be3 Rc4 36.Na4 Rxe4 37.Nb6 Be5 38.Nd7 Qe8 39.Nxe5 Qxe5 40.Qc3 Qxc3 41.Rxc3
Nf6 42.Bh6 Re8 43.Rb3 Rb8 44.Rb6 Nxd5 45.Rxd6 Ne7 46.Bf4 Rc8 47.Rd7 Nc6
48.Rxb7 Nxa5 49.Ra7 Nc6 50.Rxa6 Kg7 51.g4 f6 52.Rb6 g5 53.Be3 Ne5 54.Kg2 Rc4
55.Rd6 {#d} 1/2-1/2

[Event "Tournament (open)"]
[Site "masterchessopen.com - Novosibirsk (Russia)"]
[Date "2010.04.08"]
[Round "6"]
[White "Kreminsky Alexander"]
[Black "Shakirov Alexander (KAZ)"]
[Result "1-0"]
[WhiteElo "1775"]
[BlackElo "2012"]

1.d4 Nf6 2.c4 c5 3.d5 d6 4.Nc3 g6 5.Nf3 Bg7 6.e4 O-O 7.Be2 e6 8.O-O exd5
9.cxd5 a6 10.a4 Bg4 11.Bg5 h6 12.Bh4 Bxf3 13.Bxf3 Nbd7 14.Be2 Qe7 15.Bd3 Ne5
16.f4 Nxd3 17.Qxd3 Qc7 18.Rae1 Nd7 19.e5 dxe5 20.Be7 Rfe8 21.d6 Qc6 22.f5 Rxe7
23.dxe7 Re8 24.fxg6 fxg6 25.Qc4+ Kh7 26.Qf7 Nb6 27.Ne4 Nd5 28.Rd1 Nxe7 {#r}
1-0

[Event "Tournament (open)"]
[Site "masterchessopen.com - Novosibirsk (Russia)"]
[Date "2010.04.09"]
[Round "7"]
[White "Krasnikov Mikhail (RUS)"]
[Black "Krasnov Yury (RUS)"]
[Result "1-0"]
[WhiteElo "1935"]
[BlackElo "2029"]

1.d4 c5 2.d5 Nf6 3.c4 g6 4.Nc3 Bg7 5.e4 O-O 6.Nf3 d6 7.Be2 e6 8.O-O exd5
9.cxd5 a6 10.a4 Bg4 11.Nd2 Bxe2 12.Qxe2 Nbd7 13.h3 Rb8 14.a5 Re8 15.Nc4 Ne5
16.Bf4 Nxc4 17.Qxc4 b5 18.axb6 Rxb6 19.Rxa6 Rb4 20.Qa2 Nxe4 21.Nxe4 Rxb2
22.Qxb2 Bxb2 23.Bg5 f6 24.Rxd6 Qb8 25.Bxf6 Be5 26.Re6 Rxe6 27.dxe6 Bxf6
28.Nxf6+ Kg7 29.Nd7 Qd6 30.Re1 Qd2 31.Re3 Qd1+ 32.Kh2 Qd6+ 33.g3 c4 34.e7 Qd2
35.Kg2 Qd5+ 36.Kf1 {#r} 1-0

[Event "Cup Fernando Marcos"]
[Site "masterchessopen.com - Habana (Cuba)"]
[Date "2010.04.12"]
[Round "5"]
[White "Gomez Felix (CUB)"]
[Black "Mendez Fortes Eduardo Jesus (CUB)"]
[Result "1/2-1/2"]
[WhiteElo "2377"]
[BlackElo "2316"]

1.d4 Nf6 2.Nf3 e6 3.c4 c5 4.d5 exd5 5.cxd5 d6 6.Nc3 g6 7.e4 Bg7 8.Be2 O-O
9.O-O a6 10.a4 Bg4 11.Bf4 Re8 12.Nd2 Bxe2 13.Qxe2 Nh5 14.Be3 Nd7 15.a5 Bd4
16.g4 Nhf6 17.f3 Qe7 18.Rae1 b5 19.axb6 Nxb6 20.Nc4 Nxc4 21.Qxc4 Bxe3+ 22.Rxe3
h6 {#d} 1/2-1/2

[Event "Tournament (weekend)"]
[Site "masterchessopen.com - Asti (Italy)"]
[Date "2010.04.17"]
[Round "3"]
[White "Naumkin Igor (RUS)"]
[Black "Omeri Silvan (ITA)"]
[Result "1-0"]
[WhiteElo "2483"]
[BlackElo "2204"]

1.d4 Nf6 2.c4 e6 3.Nf3 c5 4.d5 exd5 5.cxd5 d6 6.Nc3 g6 7.e4 a6 8.a4 Bg4 9.Be2
Bg7 10.O-O O-O 11.h3 Bxf3 12.Bxf3 Nbd7 13.Bf4 Qc7 14.Re1 Rfe8 15.Qc2 Ne5
16.Be2 Nfd7 17.Rac1 Rab8 18.Bh2 g5 19.Qd2 h6 20.f4 gxf4 21.Bxf4 Kh7 22.Rf1 Nf8
23.Be3 Nfg6 24.Rf5 Qe7 25.Rcf1 c4 26.a5 Rbc8 27.Nd1 Qf8 28.Bd4 Rc7 29.Ne3 Qg8
30.Rh5 Ne7 31.Bxe5 dxe5 32.Ng4 Qf8 33.d6 Rc6 34.dxe7 Qxe7 35.Ne3 Rd8 36.Nd5
{#r} 1-0

[Event "Ch Netherlands (team) 2009/10"]
[Site "masterchessopen.com - Netherlands"]
[Date "2010.04.18"]
[Round "9"]
[White "Van Gisbergen Stan (NED)"]
[Black "Van Oosterom Chiel (NED)"]
[Result "1-0"]
[WhiteElo "2323"]
[BlackElo "2413"]

1.d4 Nf6 2.c4 c5 3.d5 e6 4.Nc3 exd5 5.cxd5 d6 6.e4 g6 7.Nf3 a6 8.a4 Bg4 9.Be2
Bg7 10.O-O O-O 11.Bf4 Qe7 12.Nd2 Bxe2 13.Qxe2 Nbd7 14.Nc4 Ne8 15.Qd2 Ne5
16.Nxe5 Bxe5 17.Bxe5 Qxe5 18.Rad1 Nc7 19.f4 Qg7 20.Qe3 Rfe8 21.e5 b6 22.Ne4
dxe5 23.f5 Red8 24.d6 Ne8 25.d7 Nf6 26.fxg6 Nxd7 27.Rxf7 {#r} 1-0

[Event "Cup Presov"]
[Site "masterchessopen.com - Presov (Slovakia)"]
[Date "2010.04.28"]
[Round "7"]
[White "Michalik Peter (SVK)"]
[Black "Cvek Robert (CZE)"]
[Result "1/2-1/2"]
[WhiteElo "2455"]
[BlackElo "2494"]

1.d4 Nf6 2.c4 c5 3.d5 g6 4.Nf3 Bg7 5.Nc3 O-O 6.e4 d6 7.Be2 e6 8.O-O exd5
9.cxd5 a6 10.a4 Bg4 11.Nd2 Bxe2 12.Qxe2 Nbd7 13.Nc4 Nb6 14.Na3 Re8 15.Qc2 Nxa4
16.Nxa4 b5 17.Bg5 bxa4 18.Nc4 h6 19.Bxf6 Bxf6 20.Rxa4 Bd4 21.Kh1 Qh4 22.f3 Be5
23.Nxe5 Rxe5 24.f4 Ree8 25.e5 Qh5 26.h3 dxe5 27.f5 g5 28.d6 Rad8 29.Rxa6 e4
30.Rd1 e3 31.d7 Rxd7 32.Rxd7 e2 33.Rg6+ {#d} 1/2-1/2

[Event "It \"]
[Site "masterchessopen.com - Bad Homburg (Germany)"]
[Date "2010.06.03"]
[Round "3"]
[White "Imelmann Esther (GER)"]
[Black "Bingert Tim Niklas (GER)"]
[Result "1/2-1/2"]
[WhiteElo "1801"]
[BlackElo "1761"]

1.d4 Nf6 2.Nf3 c5 3.d5 e6 4.c4 exd5 5.cxd5 d6 6.Nc3 g6 7.e4 Bg7 8.Be2 O-O
9.O-O a6 10.a4 Bg4 11.Nd2 Bxe2 12.Qxe2 Nbd7 13.a5 Re8 14.Re1 Qc7 15.f4 b6
16.axb6 Qxb6 17.Nc4 Qc7 18.Qd3 Nb6 19.Na5 c4 20.Qf1 Nfd7 21.Na4 Nxa4 22.Rxa4
Nc5 23.Qxc4 Rac8 24.Ra1 Qb6 25.Be3 Rxe4 26.Qxe4 Qxa5 27.Bxc5 Qxc5+ 28.Kh1 Bxb2
29.Rxa6 Bc1 30.Rc6 Rxc6 31.dxc6 d5 32.Qa4 d4 33.Qa8+ Kg7 34.Re8 Bxf4 35.Rg8+
Kf6 36.Qd8+ Kf5 37.Qd7+ Ke4 38.Re8+ Kd3 39.g3 Be5 40.Rxe5 Qxe5 41.c7 Qe1+
42.Kg2 Qe2+ 43.Kh3 Qh5+ 44.Kg2 Qe2+ {#d} 1/2-1/2

[Event "It (a) (open)"]
[Site "masterchessopen.com - Kostroma (Russia)"]
[Round "8"]
[White "Kukhmazov Arsen (RUS)"]
[Black "Kovalev Evgeny (RUS)"]
[Result "1-0"]
[WhiteElo "2023"]
[BlackElo "2220"]

1.d4 Nf6 2.c4 c5 3.d5 e6 4.Nc3 exd5 5.cxd5 d6 6.e4 g6 7.Nf3 Bg7 8.Be2 O-O
9.O-O a6 10.a4 Bg4 11.Nd2 Bxe2 12.Qxe2 Nbd7 13.Nc4 Nb6 14.Nxb6 Qxb6 15.a5 Qc7
16.Kh1 Rfe8 17.Qc4 Nd7 18.f4 b5 19.axb6 Qxb6 20.e5 dxe5 21.f5 Qb4 22.Qe2 Nb6
23.Qf2 Qc4 24.Be3 f6 25.Rfd1 Red8 26.d6 gxf5 27.Bxc5 Nd7 28.Ba3 f4 29.Nd5 Qe4
30.Rac1 Rac8 31.Rxc8 Rxc8 32.Ne7+ {#r} 1-0

[Event "It (open)"]
[Site "masterchessopen.com - Arvier (Italy)"]
[Date "2010.07.03"]
[Round "1"]
[White "Guillaumat Jean-Pierre (FRA)"]
[Black "Suba Mihai (ROM)"]
[Result "0-1"]
[WhiteElo "1920"]
[BlackElo "2464"]

1.d4 Nf6 2.Nf3 e6 3.c4 c5 4.d5 d6 5.Nc3 exd5 6.cxd5 g6 7.e4 a6 8.a4 Bg4 9.Be2
Bg7 10.O-O O-O 11.h3 Bxf3 12.Bxf3 Nbd7 13.Bf4 Qe7 14.Re1 Rfe8 15.a5 h5 16.Qd2
Nh7 17.Rab1 Qf6 18.Be3 Rac8 19.Be2 Qd8 20.Ra1 Nhf6 21.f3 Nh7 22.Bf1 g5 23.Be2
f5 24.exf5 Rxe3 {#R} 0-1

[Event "Memorial Walter Merli (open)"]
[Site "masterchessopen.com - Barrinha (Brazil)"]
[Date "2010.07.03"]
[Round "4"]
[White "Batista Renato Luiz (BRA)"]
[Black "Supi Luis Paulo (BRA)"]
[Result "1/2-1/2"]
[WhiteElo "2261"]
[BlackElo "2150"]

1.d4 Nf6 2.c4 g6 3.Nc3 Bg7 4.e4 d6 5.Nf3 O-O 6.Be2 c5 7.d5 e6 8.O-O exd5
9.cxd5 a6 10.a4 Bg4 11.Nd2 Bxe2 12.Qxe2 Nbd7 13.Nc4 Ne8 14.a5 Qe7 15.Re1 Nc7
16.Bf4 Ne5 17.Nb6 Rad8 18.Bg3 Rfe8 19.Rad1 g5 20.Bxe5 Bxe5 21.Nc4 Bd4 22.Rd3
Nb5 23.Rh3 f5 24.exf5 Qf7 25.Ne3 Nxc3 26.bxc3 Bxc3 27.Rf1 Bd4 28.Qg4 Qg7
29.Rh5 Bf6 30.Qh3 Rf8 31.Ng4 Bd4 32.Re1 Kh8 33.Re6 Rxf5 34.Rxh7+ Qxh7 35.Rh6
Rf7 36.Qh5 Rdf8 37.Qg6 Qxh6 38.Qxh6+ Kg8 39.Qg6+ Kh8 40.Qh6+ Kg8 41.Qxg5+ {#d}
1/2-1/2

[Event "Ch Argentina"]
[Site "masterchessopen.com - Buenos Aires (Argentina)"]
[Date "2010.07.07"]
[Round "3"]
[White "Julia Ernesto (ARG)"]
[Black "Iermito Sebastian (ARG)"]
[Result "1/2-1/2"]
[WhiteElo "2388"]
[BlackElo "2464"]

1.d4 Nf6 2.c4 g6 3.Nc3 Bg7 4.e4 d6 5.Be2 c5 6.d5 e6 7.Nf3 O-O 8.O-O exd5
9.cxd5 a6 10.a4 Bg4 11.h3 Bxf3 12.Bxf3 Nbd7 13.Qc2 Rb8 14.Bf4 Qe7 15.a5 Ne8
16.Rfe1 b5 17.axb6 Rxb6 18.Ra2 Nc7 19.Bd2 Rfb8 20.Be2 Bd4 21.Nd1 Qf6 22.Ba5
R6b7 23.Bc3 Bxc3 24.bxc3 Rb1 25.Rf1 Qf4 26.Ne3 Rxf1+ 27.Bxf1 Re8 28.Bd3 Ne5
29.Be2 Nd7 30.Bd3 Ne5 31.Be2 Nd7 32.Bd3 {#d} 1/2-1/2

[Event "It (open)"]
[Site "masterchessopen.com - La Fere (France)"]
[Date "2010.07.07"]
[Round "6"]
[White "Bardoux Thierry (FRA)"]
[Black "Gaubert Virginie (FRA)"]
[Result "1/2-1/2"]
[WhiteElo "2154"]
[BlackElo "1681"]

1.d4 Nf6 2.Nf3 c5 3.d5 e6 4.c4 exd5 5.cxd5 d6 6.Nc3 g6 7.e4 Bg7 8.Be2 O-O
9.O-O a6 10.a4 Bg4 11.Nd2 Bxe2 12.Qxe2 Nbd7 13.f4 Re8 14.Re1 Rb8 15.Qd3 b5
16.axb5 axb5 17.Ra6 Nb6 18.Nxb5 Nfxd5 19.Qb3 Rb7 20.Nf3 Nb4 21.Ra1 Qd7 22.Na3
Nc8 23.Nc4 Nc6 24.Qd1 Rb4 25.Ra4 Qe6 26.Rxb4 Nxb4 27.b3 Nc6 28.Bb2 Bxb2
29.Nxb2 Qf6 30.Nd3 Qc3 31.Qd2 Qxd2 32.Nxd2 Nd4 33.Kf2 Kg7 34.e5 Nxb3 35.Nxb3
c4 36.Nbc1 cxd3 37.Nxd3 dxe5 {#d} 1/2-1/2

[Event "Ch Austria"]
[Site "masterchessopen.com - Vienna (Austria)"]
[Date "2010.07.28"]
[Round "5"]
[White "Danner Georg (AUT)"]
[Black "Leitner Gerald (AUT)"]
[Result "1-0"]
[WhiteElo "2422"]
[BlackElo "2215"]

1.d4 Nf6 2.c4 c5 3.d5 e6 4.Nc3 exd5 5.cxd5 d6 6.Nf3 g6 7.e4 Bg7 8.Be2 O-O
9.O-O a6 10.a4 Bg4 11.Bf4 Re8 12.Nd2 Bxe2 13.Qxe2 Nh5 14.Be3 Nd7 15.g4 Nhf6
16.f3 Rc8 17.Kh1 Ne5 18.Rg1 h6 19.a5 g5 20.Nf1 Nfd7 21.Ng3 Ng6 22.Nf5 Nde5
23.Rg3 Qf6 24.Rh3 Ne7 25.Rg1 Kf8 26.f4 gxf4 27.Bxf4 Nxf5 28.gxf5 Ke7 29.Bg3
{#r} 1-0

[Event "Ch France (open) (b)"]
[Site "masterchessopen.com - Belfort (France)"]
[Date "2010.08.17"]
[Round "7"]
[White "Delpierre Elie (FRA)"]
[Black "Chasez Fabien (FRA)"]
[Result "0-1"]
[WhiteElo "1746"]
[BlackElo "1919"]

1.d4 Nf6 2.c4 c5 3.d5 e6 4.Nc3 exd5 5.cxd5 d6 6.e4 g6 7.Nf3 Bg7 8.Be2 O-O
9.O-O a6 10.a4 Bg4 11.Nd2 Bxe2 12.Qxe2 Nbd7 13.Nc4 Nb6 14.Bf4 Nxc4 15.Qxc4 Re8
16.f3 Rb8 17.a5 Nh5 18.Be3 f5 19.g4 fxg4 20.fxg4 Nf6 21.Bg5 Re5 22.Bxf6 Bxf6
23.Qd3 Bg7 24.Rae1 Qxa5 25.Ne2 Qb6 26.Rf4 g5 27.Rf2 Ree8 28.Rf5 c4+ {#R} 0-1

[Event "It (open)"]
[Site "masterchessopen.com - Leyland (England)"]
[Date "2010.08.28"]
[Round "2"]
[White "Collins Richard A"]
[Black "Rabbitte Dominic M (ENG)"]
[Result "1/2-1/2"]
[WhiteElo "1944"]
[BlackElo "1979"]

1.d4 Nf6 2.c4 c5 3.d5 e6 4.Nc3 exd5 5.cxd5 d6 6.e4 g6 7.Nf3 a6 8.a4 Bg4 9.Be2
Bg7 10.O-O O-O 11.Qc2 Nbd7 12.Bf4 Bxf3 13.Bxf3 Qe7 14.g3 Rfe8 15.Rfe1 Rac8
16.Bg2 c4 17.Bh3 Rc7 18.Rad1 Ne5 19.Bxe5 Qxe5 20.f4 Qh5 21.Kg2 {#d} 1/2-1/2

[Event "Ch Russia (Higher League)"]
[Site "masterchessopen.com - Irkutsk (Russia)"]
[Date "2010.09.04"]
[Round "9"]
[White "Volkov Sergey Viktorovich (RUS)"]
[Black "Kryakvin Dmitry (RUS)"]
[Result "1/2-1/2"]
[WhiteElo "2595"]
[BlackElo "2591"]

1.d4 Nf6 2.c4 g6 3.Nc3 Bg7 4.e4 d6 5.Be2 O-O 6.Nf3 c5 7.d5 e6 8.O-O exd5
9.cxd5 a6 10.a4 Bg4 11.Bf4 Bxf3 12.Bxf3 Qe7 13.Re1 Nbd7 14.Qc2 c4 15.a5 Rac8
16.Ra4 Ne5 17.Be2 Nfd7 18.Rb4 Rc7 19.Be3 Nc5 20.Bxc4 Ng4 21.Bf4 f5 22.Rb6 Ne5
23.exf5 Nf3+ 24.gxf3 Qxe1+ 25.Kg2 Nd7 26.Bxd6 Rxc4 27.Bxf8 Bxc3 28.Rxb7 Bd4
29.Bb4 Qxb4 30.Rxb4 Rxc2 31.Rxd4 Rxb2 32.fxg6 hxg6 33.Rc4 Rb5 34.Rc6 Rxa5
35.Rxg6+ Kf7 36.Rc6 Ne5 37.Rc7+ Kf6 38.f4 Ng6 39.Kf3 Ra4 40.d6 Rxf4+ 41.Ke3
Ra4 42.Rh7 Ra1 43.d7 Rd1 44.f4 a5 45.Rh5 Rxd7 46.Rxa5 Rh7 47.Ra6+ Kf7 48.Ra7+
Ne7 49.Ra2 Rh4 50.Kf3 Nd5 51.Kg3 Rh5 52.Ra5 Ke6 53.Ra6+ Kf5 54.Ra5 Ke4 55.Ra4+
Kd3 56.Ra5 Kc4 57.Ra4+ Kb5 58.Re4 Kc5 59.h4 Rh8 60.Re5 Kd4 61.h5 Rf8 62.h6
Nxf4 63.Re7 Nd5 64.Re6 Nf6 65.Kh4 Kd5 66.Rxf6 Rxf6 67.Kg5 Rf1 68.h7 Rh1 69.Kg6
Ke6 70.Kg7 Rg1+ 71.Kf8 Rh1 72.Kg8 Rxh7 73.Kxh7 Ke5 {#d} 1/2-1/2

[Event "Olympiad (w)"]
[Site "masterchessopen.com - Khanty Mansyisk (Russia)"]
[Date "2010.09.30"]
[Round "9"]
[White "Medic Mirjana (CRO)"]
[Black "Ushenina Anna (UKR)"]
[Result "0-1"]
[WhiteElo "2264"]
[BlackElo "2466"]

1.d4 Nf6 2.c4 c5 3.d5 e6 4.Nc3 exd5 5.cxd5 d6 6.e4 g6 7.Nf3 Bg7 8.Be2 a6 9.a4
Bg4 10.O-O O-O 11.h3 Bxf3 12.Bxf3 Nbd7 13.a5 Re8 14.Qc2 c4 15.Ra4 Rc8 16.Be3
Re7 17.Be2 Qe8 18.Bf3 Ne5 19.Be2 Nd3 20.Bf3 Nd7 21.Bg4 Rc7 22.Bxd7 Qxd7 23.Ra3
Re8 24.Rd1 f5 25.exf5 gxf5 26.Qd2 Qf7 27.b3 cxb3 28.Rxb3 Ne5 29.Ne2 Nc4 30.Qb4
Nxe3 31.Rxe3 Rxe3 32.fxe3 Qe7 33.Rd3 Qe4 34.Qb3 Be5 35.Kf2 Rg7 36.Qc2 Rxg2+
37.Ke1 Qh4+ 38.Kd1 Qd8 39.Rb3 Qd7 40.Rb4 Rg7 41.Rc4 h6 42.Rc8+ Kh7 43.Rf8 Rf7
44.Rxf7+ Qxf7 45.Qc4 Kg6 46.Ke1 Qf6 47.Kf1 Qd8 48.Qa4 Qc8 49.Kf2 Qd8 50.Kf3
Qe7 51.Kf2 Kg7 52.Kf3 Qf7 53.Qc4 Qh5+ 54.Kf2 Kf6 55.Qb4 Qf7 56.Qh4+ Kg6 57.Qc4
Qd7 58.Kf3 Qb5 59.Qa2 Qd3 60.Kf2 Kg5 61.Ng1 f4 62.Nf3+ Kf5 63.exf4 Bxf4 64.Qa4
Qe3+ {#R} 0-1

[Event "Memorial Atkins (open)"]
[Site "masterchessopen.com - Leicester (England)"]
[Date "2010.10.02"]
[Round "3"]
[White "Robinson John (ENG)"]
[Black "Mercs Peter J (ENG)"]
[Result "1/2-1/2"]
[WhiteElo "2014"]
[BlackElo "2082"]

1.d4 Nf6 2.c4 e6 3.Nf3 c5 4.d5 exd5 5.cxd5 d6 6.Nc3 g6 7.e4 Bg7 8.Be2 O-O
9.O-O a6 10.a4 Bg4 11.h3 Bxf3 12.Bxf3 Nbd7 13.Be2 Rb8 14.a5 Qc7 15.Ra4 Rfe8
16.Qc2 Rbc8 17.Bf4 Nb8 18.Rfa1 Nfd7 19.Bg4 h5 20.Be2 Ne5 21.Qd2 Kh7 22.R1a3
Nbd7 23.Qd1 c4 24.Kh1 Nc5 25.Bxe5 Bxe5 26.Rxc4 Qe7 27.Qf1 Nd7 28.Na4 Rxc4
29.Bxc4 Rc8 30.b4 Qh4 31.Rf3 Kg7 32.Nc3 Bxc3 33.Rxc3 Qxe4 34.Bd3 Qe8 35.Qc1
Rxc3 36.Qxc3+ Kf8 37.Kg1 Ne5 38.Bf1 Qd8 39.Qc1 Nd7 40.Qf4 Qf6 41.Qxf6 Nxf6
42.Bc4 {#d} 1/2-1/2